Birds of the US - Strisores - Statistics

General Stats
  • This quiz has been taken 16 times
  • The average score is 19 of 28
Answer Stats
Hint Answer % Correct
Calypte anna Anna’s Hummingbird
100%
Archilochus colubris Ruby-throated Hummingbird
100%
Chaetura pelagica Chimney Swift
92%
Selasphorus rufus Rufous Hummingbird
92%
Chaetura vauxi Vaux’s Swift
92%
Selasphorus calliope Calliope Hummingbird
83%
Chordeiles minor Common Nighthawk
83%
Calypte costae Costa’s Hummingbird
83%
Selasphorus sasin Allen’s Hummingbird
75%
Cypseloides niger American Black Swift
75%
Phalaenoptilus nuttallii Common Poorwill
75%
Antrostomus vociferus Eastern Whip-poor-will
75%
Archilochus alexandri Black-chinned Hummingbird
67%
Selasphorus platycercus Broad-tailed Hummingbird
67%
Antrostomus carolinensis Chuck-will’s-widow
67%
Calothorax lucifer Lucifer Hummingbird
67%
Eugenes fulgens Rivoli’s Hummingbird
67%
Nyctidromus albicollis Common Pauraque
58%
Chordeiles acutipennis Lesser Nighthawk
58%
Antrostomus arizonae Mexican Whip-poor-will
58%
Aeronautes saxatalis White-throated Swift
58%
Cyanthus latirostris Broad-billed Hummingbird
50%
Chordeiles gundlachii Antillean Nighthawk
42%
Lampornis clemenciae Blue-throated Mountain-gem
42%
Ramosomyia violiceps Violet-crowned Hummingbird
42%
Basilinna leucotis White-eared Hummingbird
42%
Amazilia yucatanensis Buff-bellied Hummingbird
33%
Antrostomus ridgwayi Buff-collared Nightjar
33%
No matching quizzes found
Score Distribution
Percent of People with Each Score
Percentile by Number Answered
Your Score History
You have not taken this quiz